000 00411nam a2200157Ia 4500
008 210210b2002 xxu||||| |||| 00| 0 eng d
020 _a81 87731 34 6
082 _a923.2K KULH
100 _aKULADIPA NAYYAR
245 _aHutatma Bhagatsing.tr by Ji Pi Basavaraju.
260 _aBallari.
_bLohiya Prakashana.,
_c2002
300 _aviii,120
650 _aBhagatsing
690 _aBiography
906 _a057323
999 _c104683
_d104683